000 00540nam a2200229Ia 4500
003 OSt
005 20220918194612.0
006 a|||||r|||| 00| 0
007 ta
008 220917b |||||||| |||| 00| 0 eng d
024 _a80,454
037 _cTextual
040 _aARTS
_cARTS
_beng
041 _2eng
_aeng
082 _aS:521, F11
100 _aEastman Max
_953410
245 0 _aSense of humor
260 _c1921
650 _aPSYCHOLOGY
942 _hS:521, F11
_cTEXL
_2CC
999 _c204180
_d204180